Investovanie do zlata bakalárska práca

Saved in:
Bibliographic Details
Main Author: Vadoc, Jozef
Corporate Author: Národohospodárska fakulta EU. Katedra bankovníctva a medzinárodných financií
Other Authors: Šajter, Roman, 2000-
Format: Book
Language:Slovak
Published: Bratislava 2025
Tags: Add Tag
No Tags, Be the first to tag this record!

MARC

LEADER 00000nbm a2200000 4500
001 0309123
005 20260107090714.3
041 0 |a slo 
044 |a SK 
245 1 0 |a Investovanie do zlata  |b bakalárska práca  |c Jozef Vadoc ; školiteľ: Roman Šajter 
264 1 |a Bratislava  |c 2025 
300 |a 56 s. 
100 1 |a Vadoc, Jozef 
700 1 |a Šajter, Roman, 2000- 
710 2 |a Národohospodárska fakulta EU. Katedra bankovníctva a medzinárodných financií